Ελληνικές Παροιμίες #1 - Statistics

General Stats
  • This quiz has been taken 838 times
  • The average score is 15 of 20
Answer Stats
Παροιμία Απάντηση % Correct
Άνοιξε η ______ και τον κατάπιε. Γη
99%
Μπρος γκρεμός και πίσω ______. Ρέμα
96%
Το ξύλο βγήκε απ’ τον _______. Παράδεισο
95%
Αγαπά ο Θεός τον κλέφτη, αγαπά και τον _______. Νοικοκύρη
93%
Γιάννης κερνά και Γιάννης ______. Πίνει/Πληρώνει
90%
Όποιος βιάζεται _______. Σκοντάφτει
90%
Κάλλιο ____ παρά ποτέ. Αργά
89%
Πριν να δούμε το γαμπρό, στολίσαμε τη ______. Νύφη
88%
Ο γέρος πάει ή από ______ ή από χέσιμο. Πέσιμο
87%
Ο διάβολος έχει πολλά ________. Ποδάρια
84%
Έβαλε λυτούς και ________. Δεμένους
80%
Όποιος δεν θέλει να ζυμώσει, δέκα μέρες _______. Κοσκινίζει
73%
Ζήσε Μάη μου να φας _______. Τριφύλλι
71%
Ο Φλεβάρης κι αν φλεβίσει, _______ θα μυρίσει. Καλοκαίρι
71%
Ο ύπνος θρέφει τα μωρά κι ο ____ τα μοσχάρια. Ήλιος
71%
Κυριακή ____ γιορτή. Κοντή
59%
Ένας ____ δεν φέρνει την άνοιξη. Κούκος
57%
Δεν δίνει ούτε του ______ του νερό. Αγγέλου
53%
Να σου πει ο παπάς στ’ αυτί κι ο _____ στο κεφάλι. Διάκος
47%
Να ‘μουν το Μάη γάιδαρος, τον Αύγουστο κριάρι, όλους τους μήνες κόκορας και _____ το Γενάρη. Γάτος
20%
No matching quizzes found
Score Distribution
Percent of People with Each Score
Percentile by Number Answered
Your Score History
You have not taken this quiz